Tài liệu hỗ trợ giáo viên tập sự môn Hóa học
Sách giới thiệu đặc trưng của môn Hóa học trường trung học phổ thông. Những phẩm chất, năng lực cần có của người giáo viên hóa học; Những vấn đề cần chú ý về chương trình và sách giáo khoa môn Hóa học trường trung học phổ thông; Như...
Đã lưu trong:
| 主要作者: | |
|---|---|
| 格式: | 图书 |
| 语言: | Undetermined |
| 出版: |
Hà Nội
Nxb. Hà Nội
2013
|
| 主题: | |
| 标签: |
添加标签
没有标签, 成为第一个标记此记录!
|
| Thư viện lưu trữ: | Trung tâm Học liệu Trường Đại học Cần Thơ |
|---|
| LEADER | 01473nam a2200229Ia 4500 | ||
|---|---|---|---|
| 001 | CTU_210278 | ||
| 008 | 210402s9999 xx 000 0 und d | ||
| 082 | |a 540.7 | ||
| 082 | |b Ch305 | ||
| 100 | |a Hoàng, Thị Chiên | ||
| 245 | 0 | |a Tài liệu hỗ trợ giáo viên tập sự môn Hóa học | |
| 245 | 0 | |c Hoàng Thị Chiên, Mai Xuân Trường | |
| 260 | |a Hà Nội | ||
| 260 | |b Nxb. Hà Nội | ||
| 260 | |c 2013 | ||
| 520 | |a Sách giới thiệu đặc trưng của môn Hóa học trường trung học phổ thông. Những phẩm chất, năng lực cần có của người giáo viên hóa học; Những vấn đề cần chú ý về chương trình và sách giáo khoa môn Hóa học trường trung học phổ thông; Những vấn đề cần chú ý về nội dung kiến thức khi giảng dạy theo chương trình, sách giáo khoa hóa học ở trường THPT; Một số vấn đề cần chú ý trong phương pháp, tổ chức dạy học môn Hóa học. | ||
| 526 | |a Tập giảng Hóa học | ||
| 526 | |b SG176 | ||
| 650 | |a Chemistry,Giáo viên trường trung học,High school teachers,Hóa học | ||
| 650 | |x Study and teaching ( secondary ),Giảng dạy và học tập (Trung học) | ||
| 904 | |i Qhieu | ||
| 980 | |a Trung tâm Học liệu Trường Đại học Cần Thơ | ||